000 00682cam a22002172 4500
001 0000024623
005 20151217152305.0
008 140115s xx 000 0 eng d
020 _a0199236671 :
040 _aKABU
_cKABU
100 1 _aNollkaemper, Andre.
_@0000185007
245 1 0 _aNational courts and the international rule of law /
_cAndre Nollkaemper.
250 _a1st ed.
260 _aOxford :
_bO. U. P.,
_c2011.
300 _axlv, 337 p.
650 0 _aInternational and municipal law.
_@0000184759
650 0 _aJurisdiction (International law)
_@0000185008
852 1 _9p9990 KES
908 _a140115
950 _@1
999 _c10378
_d10378